Top 10 Most Jewish Countries - Statistics

General Stats
  • This quiz has been taken 4,989 times
  • The average score is 6 of 10
Answer Stats
Percent Country % Correct
72.5% Israel
99%
1.7% United States
98%
0.5% United Kingdom
90%
1.1% Canada
88%
0.8% France
84%
0.5% Australia
62%
0.9% Hungary
25%
1.2% Uruguay
10%
0.8% Moldova
5%
1.1% Belize
2%
No matching quizzes found
Score Distribution
Percent of People with Each Score
Percentile by Number Answered
Your Score History
You have not taken this quiz